Chelsea Champions League XIs - Statistics

General Stats
  • This quiz has been taken 2,296 times
    1,989 since last reset
  • The average score is 46 of 80
Answer Stats
Answer % Correct
Petr Čech
96%
Didier Drogba
94%
John Terry
94%
Frank Lampard
93%
Kai Havertz
90%
Kepa Arrizabalaga
89%
Édouard Mendy
88%
Ashley Cole
87%
Joe Cole
86%
N'Golo Kanté
86%
Thibaut Courtois
86%
Eden Hazard
85%
César Azpilicueta
84%
Diego Costa
82%
Mason Mount
81%
Reece James
81%
Thiago Silva
81%
Timo Werner
80%
Antonio Rüdiger
79%
Gary Cahill
79%
Ben Chilwell
74%
Fernando Torres
74%
Jorginho
74%
David Luiz
73%
Michael Essien
73%
Ricardo Carvalho
72%
Branislav Ivanović
71%
Willian
71%
Marcos Alonso
70%
Juan Mata
68%
Nicolas Anelka
68%
Oscar
68%
John Obi Mikel
67%
Michael Ballack
67%
Cesc Fàbregas
66%
Florent Malouda
64%
Raheem Sterling
64%
Ramires
64%
Andreas Christensen
63%
Gianfranco Zola
63%
Claude Makélélé
62%
Mateo Kovačić
61%
Nemanja Matić
61%
José Bosingwa
58%
Salomon Kalou
58%
Pedro
56%
Tammy Abraham
56%
Arjen Robben
54%
Andriy Shevchenko
53%
Paulo Ferreira
49%
Kalidou Koulibaly
46%
William Gallas
45%
Marcel Desailly
44%
Damien Duff
43%
Kurt Zouma
43%
Eiður Guðjohnsen
42%
Alex
40%
Hernán Crespo
40%
Samuel Eto'o
40%
Carlo Cudicini
38%
Raul Meireles
37%
Wesley Fofana
37%
Hakim Ziyech
36%
Wayne Bridge
35%
Asmir Begović
34%
Filipe Luís
33%
Fikayo Tomori
32%
Pierre-Emerick Aubameyang
32%
Dennis Wise
29%
Ed de Goey
27%
Adrian Mutu
25%
Tore André Flo
25%
Didier Deschamps
24%
Glen Johnson
24%
Gustavo Poyet
24%
Frank Lebœuf
23%
Albert Ferrer
20%
Celestine Babayaro
20%
Dan Petrescu
19%
Yuri Zhirkov
18%
No matching quizzes found
Score Distribution
Percent of People with Each Score
Percentile by Number Answered
Your Score History
You have not taken this quiz since the last reset